000 00497cam a22001457a 4500
008 180718b1957 xxu||||| |||| 00| 0 eng d
082 _aT39x52 K268
245 _aJapanese trade and industry in the Meiji- Taisho Era
_cedited by Ohara Keishi
260 _aTokyo
_bObunsha
_c1957
300 _a566p.
650 _aUnited States --Foreign economic relations --Japan
650 _aJapan --Foreign economic relations --United States
650 _aJapan --Economic conditions
700 _aKeishi, Ohara
999 _c433660
_d433660